000 00710nam a2200241Ia 4500
003 OSt
005 20220918183611.0
006 a|||||r|||| 00| 0
007 ta
008 220917b |||||||| |||| 00| 0 eng d
024 _a39,223
037 _cTextual
040 _aARTS
_cARTS
_beng
041 _2eng
_aeng
082 _aO15v241, K5
100 _aBanerji Sures Chandra
245 0 _aCultural heritage of Kashmir
_b Survey of Kashmir's contribution to Sanskrit literature
260 _aCalcutta
_bHaripada Bhattacharya India
_c1965
300 _a180p.
_ccm.
650 _aSANSKRIT LITERATURE
942 _hO15v241, K5
_cTEXL
_2CC
999 _c173199
_d173199